Loreto College Library, Kolkata
WEBOPAC (ONLINE PUBLIC ACCESS CATALOGUE)

History of Medieval India (Record no. 17731)

MARC details
000 -LEADER
fixed length control field 00617nam a2200217Ia 4500
005 - DATE AND TIME OF LATEST TRANSACTION
control field 20221028121814.0
008 - FIXED-LENGTH DATA ELEMENTS--GENERAL INFORMATION
fixed length control field 131103s9999 xx 000 0 und d
020 ## - ISBN | অাই এস বি এন
ISBN | অাই এস বি এন 8125032266
PRICE Rs 295
040 ## - CATALOGING SOURCE
Original cataloging agency Loreto College
041 ## - LANGUAGE CODE
Language code English
082 ## - DDC | ডিউই
Classification number | বর্গসংখ্যা 954.02
Book Number | গ্রন্থাঙ্ক CHA
100 ## - MAIN ENTRY--PERSONAL NAME | মুখ্য সংলেখ - ব্যাক্তিনাম
Personal name | ব্যাক্তিনাম Chandra, Satish
245 ## - TITLE STATEMENT | অাখ্যা বিবরণী
Title | অাখ্যা History of Medieval India
Sub title | উপঅাখ্যা (800-1700)
Statement of responsibility | লেখকের দায়িত্বের বিবরণ Satish Chandra
260 ## - IMPRINT | প্রকাশনা ক্ষেত্র
Place of publication | প্রকাশ স্থান New Delhi
Name of publisher | প্রকাশকের নাম Orient Longman
Date of publication | প্রকাশ কাল 2007
300 ## - PHYSICAL DESCRIPTION |
Page / Vol. No | পৃষ্ঠা / খন্ড সংখ্যা xii,418p
504 ## - BIBLIOGRAPHY, ETC. NOTE
Bibliography, etc Includes biblliographical references and index
650 ## - SUBJECT ADDED ENTRY--TOPICAL TERM | বিষয় শিরোনাম - মূল বিষয়
Topical term | মূল বিষয় India-History,Medieval
651 ## - SUBJECT ADDED ENTRY--GEOGRAPHIC NAME | বিষয় শিরোনাম - ভৌগলিক নাম
Geographic name | ভৌগলিক বিষয় Medieval Indian History
850 ## - HOLDING INSTITUTION
Holding institution LCLIB
942 ## - ADDED ENTRY ELEMENTS (KOHA)
Koha item type Books
Holdings
Withdrawn status Lost status Source of classification Damaged status Not for loan Home library Current library Date acquired Total Checkouts Full call number Accession No. Date last seen Date checked out Price effective from Koha item type Coded location qualifier
    Dewey Decimal Classification     Loreto College Loreto College 04/11/2013 37 954.02 CHA 45784 B18174 13/05/2025 05/05/2025 04/11/2013 Books  
    Dewey Decimal Classification     Loreto College Loreto College 04/11/2013 32 954.02 CHA 46524 B21777 15/12/2023 15/12/2023 04/11/2013 Books